Impact of Coronavirus Pandemic on Changes in e-Consumer Behaviour: Empirical Analysis of Slovak e-Commerce Market

Problematika dopadov pandémie Covid-19 na ekonomiku. Vplyv pandémie Covid-19 na správanie spotrebiteľov. Prechod zákazníkov v období pandémie na nové vzorce spotrebiteľského správania, ktoré sú zamerané na maximalizáciu výhod. Stav trhu v predpandemickej fáze.

Salvato in:
Dettagli Bibliografici
Autore principale: Markovič, Peter, 1974-
Altri autori: Pollák, František, 1985-, Vavrek, Roman, Kostiuk, Yaroslava
Natura: Capitolo di libro
Lingua:inglese
Soggetti:
Tags: Aggiungi Tag
Nessun Tag, puoi essere il primo ad aggiungerne!!

MARC

LEADER 00000naa a2200000 4500
001 0287685
005 20240618080357.8
041 0 |a eng 
044 |a SK 
245 1 0 |a Impact of Coronavirus Pandemic on Changes in e-Consumer Behaviour: Empirical Analysis of Slovak e-Commerce Market  |c Peter Markovič, František Pollák, Roman Vavrek, Yaroslava Kostiuk 
520 |a Problematika dopadov pandémie Covid-19 na ekonomiku. Vplyv pandémie Covid-19 na správanie spotrebiteľov. Prechod zákazníkov v období pandémie na nové vzorce spotrebiteľského správania, ktoré sú zamerané na maximalizáciu výhod. Stav trhu v predpandemickej fáze. 
610 2 0 |a obchod elektronický 
610 2 0 |a pandémia 
610 2 0 |a koronavírus 
610 2 0 |a inovácia 
610 2 0 |a spotrebitelia 
610 2 0 |a siete sociálne 
610 2 0 |a správanie spotrebiteľa 
610 2 0 |a Slovensko 
100 1 |a Markovič, Peter, 1974- 
700 1 |a Pollák, František, 1985- 
700 1 |a Vavrek, Roman 
700 1 |a Kostiuk, Yaroslava